| 000 -LEADER |
| fixed length control field |
00643nam a22001577a 4500 |
| 003 - CONTROL NUMBER IDENTIFIER |
| control field |
LRUA |
| 005 - DATE AND TIME OF LATEST TRANSACTION |
| control field |
20240328182055.0 |
| 008 - FIXED-LENGTH DATA ELEMENTS--GENERAL INFORMATION |
| fixed length control field |
240328b xxu||||| |||| 00| 0 eng d |
| 040 ## - CATALOGING SOURCE |
| Transcribing agency |
RUA |
| 082 ## - DEWEY DECIMAL CLASSIFICATION NUMBER |
| Edition number |
AGR SEN 2019 B1-570 Or. |
| 100 ## - MAIN ENTRY--PERSONAL NAME |
| 9 (RLIN) |
16391 |
| Personal name |
SENG SERYRATHANA សេង សេរីរត្តនា |
| 245 ## - TITLE STATEMENT |
| Title |
COMPARISON OF DIFFERENT PLANTING MATERIAL ON DRAGONFRUIT PROPAGATION ការប្រៀបធៀបផ្នែកនៃមែកពូជខុសៗគ្នាលើការពង្រីកពូជស្រការនាគ |
| 260 ## - PUBLICATION, DISTRIBUTION, ETC. (IMPRINT) |
| Place of publication, distribution, etc. |
PHNOM PENH |
| Name of publisher, distributor, etc. |
RUA |
| Date of publication, distribution, etc. |
2019 |
| 300 ## - PHYSICAL DESCRIPTION |
| Extent |
IX.32P |
| Other physical details |
VI. |
| Dimensions |
29CM |
| 942 ## - ADDED ENTRY ELEMENTS (KOHA) |
| Source of classification or shelving scheme |
|
| Koha item type |
AGR |